000 00377nam a2200145Ia 4500
008 211109s9999||||xx |||||||||||||| ||und||
082 _a954
_bPYL-I
100 _aPylee, M V
245 0 _aIndian Constitution At Work
260 _bNATIONAL BOOKSTALL
_aKottayam
_c1955
300 _a251p.
630 _xGeneral Stack
650 _aINDIA
_vCONSTITUTION
_xGeneralia
942 _cBOOK
999 _c17601
_d17601